00299nam a2200121Ia 45000030006000000080041000060400015000471000017000622450051000792600018001305460012001480050017001600STCL150530s9999 xx 000 0 und d aSTCLcSTCL aJagjit Singh aSystematic Botany for degree students Part III bS.Chandc1957 aEnglish20220125170407.0